Który aktor grał w tych filmach? #1 - Statystyki

Ogólne statystyki
  • Ten quiz został rozwiązany 999 razy
  • Średni wynik to 10 z 16
Statystyki odpowiedzi
Tytuły Aktor % Poprawnych
Wilk z Wall Street | Incepcja | Zjawa Leonardo DiCaprio
94%
Zielona Mila | Forrest Gump | Złap mnie, jeśli potrafisz Tom Hanks
93%
Skazani na Shawshank | Siedem | Bruce Wszechmogący Morgan Freeman
86%
Bękarty Wojny | 12 Małp | Pan i Pani Smith Brad Pitt
78%
Speed | Matrix | Adwokat Diabła Keanu Reeves
76%
Człowiek z blizną | Zapach Kobiety | Gorączka Al Pacino
65%
Predator | Prawdziwe kłamstwa | Komando Arnold Schwarzenegger
62%
Pulp Fiction | Django | Długi pocałunek na dobranoc Samuel L. Jackson
62%
Leon Zawodowiec | Ronin | Nikita Jean Reno
59%
Taksówkarz | Wściekły Byk | Łowca Jeleni Robert DeNiro
57%
Pijany mistrz | Godziny Szczytu | Smoking Jackie Chan
56%
Podziemny Krąg | Więzień Nienawiści | Lęk Pierwotny Edward Norton
48%
Doktor No | Imię Róży | Indiana Jones i ostatnia krucjata Sean Connery
45%
Lista Shindlera | Rob Roy | GW: Mroczne Widmo Liam Neeson
41%
Dzień Świstaka | Pogromcy Duchów | Kosmiczny Mecz Bill Murray
28%
Witaj, Święty Mikołaju | Szpiedzy tacy jak my | Wesoły Domek Chevy Chase
13%
Nie znaleziono quizów pasujących do podanych kryteriów
Rozkład punktacji
Procent ludzi z każdym wynikiem
Percentyl według liczby udzielonych odpowiedzi
Twoja historia wyników
Nie rozwiązałeś tego quizu